000 00553nam a2200193Ia 4500
003 GCL
008 140319s9999 xx 000 0 ara d
040 _aGCL /
_cGCL
082 0 4 _a812.043
_bس م
100 1 _aمحمد يوسف نجم
245 1 0 _aالمسرح العربى /
_cمحمد يوسف نجم
700 1 _aسليم النقاش
300 _a403 ص
490 _aدراسات ونصوص
_v0
650 0 4 _aالمسرح العربى
650 0 4 _aالمسرحيات العربية
650 0 4 _aالمسرح - مصر
942 _2ddc
_cBK
999 _c50460
_d50460